Recomendaciones prácticas de uso tractor UTB 650 m
Sparad:
| Institutionell upphovsman: | |
|---|---|
| Materialtyp: | Bok |
| Språk: | spanska |
| Publicerad: |
Santiago
Comité Sectorial de Mecanización Agrícola
1973
|
| Ämnen: | |
| Taggar: |
Lägg till en tagg
Inga taggar, Lägg till första taggen!
|
MARC
| LEADER | 00000nam a2200000 a 4500 | ||
|---|---|---|---|
| 001 | UCQ3409 | ||
| 003 | CL-VaPUC | ||
| 008 | 980821e19730000CL |||||||||||||||||spa|d | ||
| 082 | 0 | 4 | |a 631.3 |b COM |2 21 |
| 110 | 2 | |a Comité sectorial de mecanización agrícola |e author |9 417522 | |
| 245 | 1 | 0 | |a Recomendaciones prácticas de uso tractor UTB 650 m |
| 300 | |a 5 h | ||
| 942 | |c BK | ||
| 945 | |d 19980821 00:00:00 |a aarredon | ||
| 260 | |a Santiago |b Comité Sectorial de Mecanización Agrícola |c 1973 | ||
| 650 | 7 | |a MAQUINARIA AGRICOLA |2 CL-VaPUC |9 264357 | |
| 650 | 7 | |a TRACTORES |2 CL-VaPUC |9 326395 | |
| 650 | 0 | |a Aperos de labranza |9 401583 | |
| 650 | 7 | |a EQUIPOS |2 CL-VaPUC |9 393783 | |
| 650 | 0 | |a Siembra |9 360167 | |
| 650 | 7 | |a MANTENCION |2 CL-VaPUC |9 413284 | |
| 583 | |a last modification |c 19980821 00:00:00 |k Rodrigo Vera | ||
| 999 | |c 273990 |d 273988 | ||